00537nam a22001457a 4500020001800000082001900018100002900037100002700066245005200093260003800145300000800183942000700191999001900198952017400217 a9788131502334 a620.1.bASK/ES aAskeland,Donald R.91050 aPradeep P. Phule91051 aEssentials of Materials Science and Engineering aNew DelhibCengage Learningc2004 a588 cBK c341765d341765 001040708General BoaKAUAETbKAUAETcGENd2016-07-20eArunima Book Distributors, TVPMg380.00l0o620.1. ASK/ESpKAU_KCAEFT-24569r2016-07-20 00:00:00w2016-07-20yBK